[Event "NOR-chT lag"]
[Site "Tromsoe"]
[Date "2013.02.22"]
[Round "4"]
[White "Notkevich, Benjamin Arvola"]
[Black "Esbensen, Andreas"]
[Result "1-0"]
[WhiteElo "2320"]
[BlackElo "2086"]
[PlyCount "89"]
[EventDate "2013.02.22"]
[EventType "team-swiss"]
[EventRounds "5"]
[EventCountry "NOR"]
[SourceTitle "CBM 153 Extra"]
[Source "ChessBase"]
[SourceDate "2013.04.22"]
[SourceVersion "1"]
[SourceVersionDate "2013.04.22"]
[SourceQuality "1"]

1. e4 e6 2. d4 d5 3. Nc3 Bb4 4. e5 c5 5. a3 Bxc3+ 6. bxc3 Ne7 7. Qg4 Qc7 8. Qxg7 Rg8 9. Qxh7 cxd4 10. Ne2 Nbc6 11. h4 Bd7 12. Bg5 Qxe5 13. f4 Qc7 14. Qd3 dxc3 15. h5 e5 16. h6 Bf5 17. Qxc3 d4 18. Qc5 b6 19. Qc4 Bh7 20. g3 Be4 21. Rh5 Bf3 22. Rh2 Bd5 23. Qb5 0-0-0 24. h7 Rh8 25. Bf6 Be4 26. Bxh8 Rxh8 27. a4 f6 28. fxe5 fxe5 29. Qc4 Bd5 30. Qa6+ Kd8 31. c3 Na5 32. Rd1 Nb3 33. Qb5 Bc4 34. Nxd4 exd4 35. Qxc4 Qxg3+ 36. Rf2 Nf5 37. Qd5+ Kc7 38. Qf7+ Kb8 39. Qxf5 Qxc3+ 40. Rfd2 Re8+ 41. Be2 Nxd2 42. Qf4+ Kc8 43. Rxd2 Qc1+ 44. Kf2 Qc5 45. Ba6+ 1-0

[Event "NOR-chT Nord"]
[Site "Tromsoe"]
[Date "2012.02.24"]
[Round "3"]
[White "Esbensen, Andreas"]
[Black "Aanstad, Magnus"]
[Result "1-0"]
[WhiteElo "2147"]
[BlackElo "2088"]
[PlyCount "87"]
[EventDate "2012.02.24"]
[EventType "team-tourn"]
[EventRounds "5"]
[EventCountry "NOR"]
[SourceTitle "EXT 2015"]
[Source "ChessBase"]
[SourceDate "2014.11.20"]
[SourceVersion "1"]
[SourceVersionDate "2014.11.20"]
[SourceQuality "1"]

1. g3 d5 2. Bg2 e5 3. c4 dxc4 4. Qa4+ Nc6 5. Bxc6+ bxc6 6. Qxc6+ Bd7 7. Qxc4 Nf6 8. Nf3 Bd6 9. Nc3 Rb8 10. a3 0-0 11. b4 Re8 12. Ng5 Qe7 13. d3 h6 14. Nge4 Rb6 15. Nxf6+ Qxf6 16. Nd5 Qg6 17. Nxb6 cxb6 18. Qa6 e4 19. d4 Bb8 20. Be3 Qf5 21. Rc1 Bb5 22. Qb7 Qh3 23. Qd5 a6 24. Kd2 Qg4 25. Rhe1 Rf8 26. Qb7 Qe6 27. Bf4 Bxf4+ 28. gxf4 e3+ 29. fxe3 Qa2+ 30. Rc2 Qxa3 31. Rb1 Ba4 32. Rcb2 Re8 33. Qf3 Bd7 34. e4 Qa4 35. d5 Rc8 36. Qb3 Qb5 37. Qd3 Qa4 38. Qb3 Qb5 39. Rc2 Re8 40. Qc4 Qa4 41. Ra2 Qb5 42. Rc1 Rd8 43. Ke3 f5 44. e5 1-0

[Event "Vadso op"]
[Site "Vadso"]
[Date "2010.08.29"]
[Round "5"]
[White "Lubnin, Leonid"]
[Black "Esbensen, Andreas"]
[Result "1/2-1/2"]
[WhiteElo "2178"]
[BlackElo "2135"]
[PlyCount "35"]
[EventDate "2010.08.27"]
[EventType "swiss"]
[EventRounds "5"]
[EventCountry "NOR"]
[SourceTitle "CBM 138 Extra"]
[Source "ChessBase"]
[SourceDate "2010.10.29"]
[SourceVersion "1"]
[SourceVersionDate "2010.10.29"]
[SourceQuality "1"]

1. c4 e6 2. b3 Nf6 3. Bb2 b6 4. Nf3 Bb7 5. e3 Be7 6. Be2 0-0 7. 0-0 d5 8. d4 Nbd7 9. Nbd2 Rc8 10. a3 c5 11. Rc1 Ne4 12. dxc5 Nxd2 13. Nxd2 Nxc5 14. b4 Nd7 15. Bf3 Bf6 16. Bxf6 Nxf6 17. Qa4 a5 18. bxa5 1/2-1/2

[Event "Vadso op"]
[Site "Vadso"]
[Date "2010.08.28"]
[Round "3"]
[White "Aanstad, Magnus"]
[Black "Esbensen, Andreas"]
[Result "0-1"]
[WhiteElo "2086"]
[BlackElo "2135"]
[PlyCount "82"]
[EventDate "2010.08.27"]
[EventType "swiss"]
[EventRounds "5"]
[EventCountry "NOR"]
[SourceTitle "CBM 138 Extra"]
[Source "ChessBase"]
[SourceDate "2010.10.29"]
[SourceVersion "1"]
[SourceVersionDate "2010.10.29"]
[SourceQuality "1"]

1. e4 e6 2. d4 d5 3. Nc3 dxe4 4. Nxe4 Bd7 5. Nf3 Bc6 6. Bd3 Nd7 7. 0-0 Ngf6 8. Nxf6+ Nxf6 9. Qe2 Bxf3 10. Qxf3 c6 11. Be3 Be7 12. c4 0-0 13. Rad1 Qc7 14. Qh3 Qa5 15. Bb1 Rfd8 16. c5 Rd5 17. Rd3 Qc7 18. f4 Rad8 19. Rb3 Rxd4 20. Bxd4 Rxd4 21. Qc3 Rd5 22. Qf3 Bxc5+ 23. Kh1 a5 24. Rd3 Bd4 25. b3 b5 26. h3 c5 27. Rfd1 h5 28. a4 b4 29. R3d2 h4 30. Bd3 Nh5 31. Bc4 Ng3+ 32. Kh2 Rd8 33. Qg4 Nf5 34. Qf3 g5 35. Bd3 Ne3 36. Qh5 Qxf4+ 37. Kh1 Nxd1 38. Rxd1 Kf8 39. Rf1 Bf2 40. Qe2 Qe3 41. Rxf2 Rxd3 0-1

[Event "Vadsosjakken op"]
[Site "Vadso"]
[Date "2008.08.31"]
[Round "4"]
[White "Brasoy, Aksel"]
[Black "Esbensen, Andreas"]
[Result "0-1"]
[WhiteElo "1927"]
[BlackElo "2027"]
[PlyCount "79"]
[EventDate "2008.08.??"]
[EventType "swiss"]
[EventRounds "5"]
[EventCountry "NOR"]
[SourceTitle "EXT 2010"]
[Source "ChessBase"]
[SourceDate "2010.11.25"]
[SourceVersion "1"]
[SourceVersionDate "2010.11.25"]
[SourceQuality "1"]

1. e4 e6 2. d4 d5 3. exd5 exd5 4. Bd3 Bd6 5. Nf3 Nf6 6. 0-0 0-0 7. Bg5 Bg4 8. Nbd2 c6 9. c3 Nbd7 10. Qc2 h6 11. Bh4 Qc7 12. Rfe1 Rfe8 13. Bg3 Bxg3 14. hxg3 Qd6 15. Rxe8+ Rxe8 16. Re1 Rxe1+ 17. Nxe1 Qe7 18. Nef3 g6 19. Qb1 b6 20. Qe1 Qd6 21. Kf1 c5 22. Ne5 cxd4 23. Nxg4 Nxg4 24. cxd4 Qb4 25. Nf3 Qd6 26. Kg1 Kg7 27. a3 Nf8 28. Ne5 Nf6 29. Qe2 Ne6 30. Nf3 Qc6 31. Qc2 Qd7 32. Qc3 Ng4 33. Qc2 Qe7 34. Qd2 Qf6 35. Bc2 h5 36. Bb1 Qe7 37. Bd3 Nf6 38. Qe2 Qd6 39. Qc2 g5 40. Qc3 0-1

[Event "NOR-chT lag"]
[Site "Tromsoe"]
[Date "2008.02.29"]
[Round "1"]
[White "Zhuravlev, Sergey"]
[Black "Esbensen, Andreas"]
[Result "1/2-1/2"]
[WhiteElo "1985"]
[BlackElo "2023"]
[PlyCount "84"]
[EventDate "2008.02.29"]
[EventType "team-tourn"]
[EventRounds "5"]
[EventCountry "NOR"]
[SourceTitle "EXT 2010"]
[Source "ChessBase"]
[SourceDate "2010.11.25"]
[SourceVersion "1"]
[SourceVersionDate "2010.11.25"]
[SourceQuality "1"]

1. e4 e6 2. d4 d5 3. e5 c5 4. c3 Nc6 5. Nf3 Qb6 6. Be2 cxd4 7. cxd4 Bd7 8. 0-0 Rc8 9. Nc3 Na5 10. Bd3 h6 11. h4 Nc4 12. b3 Na5 13. Bb2 Bb4 14. Rc1 Ne7 15. h5 Bxc3 16. Bxc3 Bb5 17. Bxa5 Qxa5 18. Rxc8+ Nxc8 19. Qc2 Bxd3 20. Qxc8+ Qd8 21. Rc1 0-0 22. Qxd8 Rxd8 23. Rc7 Rb8 24. Nd2 Bb5 25. f3 Bc6 26. Kf2 Rf8 27. Ke3 f6 28. f4 Rf7 29. Rc8+ Rf8 30. Rxf8+ Kxf8 31. f5 fxe5 32. fxe6 e4 33. Kf4 Ke7 34. Ke5 e3 35. Nf3 e2 36. g4 b6 37. a4 a5 38. Ne1 Bb7 39. Kf5 Bc6 40. Kg6 Kf8 41. Kf5 Ke7 42. Kg6 Kf8 1/2-1/2

[Event "Hostmesterskap"]
[Site "Vadso"]
[Date "2007.09.27"]
[Round "3"]
[White "Esbensen, Andreas"]
[Black "Johnsen, Kjell Magne"]
[Result "1-0"]
[WhiteElo "2017"]
[BlackElo "1922"]
[PlyCount "115"]
[EventDate "2007.??.??"]
[EventType "swiss"]
[EventRounds "6"]
[EventCountry "NOR"]
[SourceTitle "EXT 2010"]
[Source "ChessBase"]
[SourceDate "2010.11.25"]
[SourceVersion "1"]
[SourceVersionDate "2010.11.25"]
[SourceQuality "1"]

1. e4 d5 2. exd5 Qxd5 3. Nc3 Qd6 4. Bc4 Nf6 5. d3 a6 6. Qf3 Nc6 7. Ne4 Qe5 8. Ne2 Qf5 9. Nxf6+ gxf6 10. Qxf5 Bxf5 11. Bf4 e5 12. Be3 Be6 13. 0-0-0 Rg8 14. Rhg1 0-0-0 15. Ng3 f5 16. f4 Bh6 17. Rdf1 Bxc4 18. dxc4 Ne7 19. Kb1 exf4 20. Bxf4 Bxf4 21. Rxf4 Rd2 22. Kc1 Rgd8 23. h3 R8d4 24. Rf3 f4 25. Ne4 Re2 26. Nc3 Re5 27. b3 Ng6 28. Rgf1 c6 29. R1f2 Re1+ 30. Kb2 f5 31. Ne2 Rd2 32. Nxf4 Rxf2 33. Rxf2 Nxf4 34. Rxf4 Re2 35. Rxf5 Rxg2 36. Rf8+ Kc7 37. Rf7+ Kc8 38. Rxh7 Rh2 39. h4 Kb8 40. h5 Ka7 41. a4 c5 42. a5 Rg2 43. Rh8 Rh2 44. h6 Rg2 45. Kc3 Rh2 46. Kd3 Rh3+ 47. Ke4 Rh4+ 48. Kf5 Rh2 49. Kg6 Rg2+ 50. Kh7 Re2 51. Rc8 Re5 52. Kg7 Re7+ 53. Kf6 Rd7 54. Rg8 Rd6+ 55. Kg5 Rd2 56. h7 Rg2+ 57. Kf4 Rf2+ 58. Kg3 1-0

[Event "Vadsosjakken op"]
[Site "Vadso"]
[Date "2007.09.01"]
[Round "2"]
[White "Kristensen, Kjell Ole"]
[Black "Esbensen, Andreas"]
[Result "0-1"]
[WhiteElo "2012"]
[BlackElo "2020"]
[PlyCount "80"]
[EventDate "2007.08.31"]
[EventType "swiss"]
[EventRounds "5"]
[EventCountry "NOR"]
[SourceTitle "CBM 120 Extra"]
[Source "ChessBase"]
[SourceDate "2007.11.01"]
[SourceVersion "1"]
[SourceVersionDate "2007.11.01"]
[SourceQuality "1"]

1. e4 e6 2. b3 b6 3. Bb2 Bb7 4. Nc3 c5 5. Nf3 a6 6. g3 d6 7. Bg2 Nf6 8. d3 Qc7 9. 0-0 Be7 10. h3 0-0 11. Nh4 Nfd7 12. f4 Bxh4 13. gxh4 Nc6 14. Ne2 Ne7 15. Ng3 d5 16. Nh5 d4 17. Qg4 g6 18. f5 exf5 19. exf5 Bxg2 20. Qxg2 Qc6 21. Qg5 f6 22. Qg3 Kh8 23. fxg6 hxg6 24. Nf4 Rg8 25. Ng2 Nd5 26. Rae1 Kh7 27. Bc1 Rg7 28. Rf2 Ne5 29. Ref1 Re8 30. Kh2 Nd7 31. Qf3 Ne5 32. Qg3 Nd7 33. h5 g5 34. Qf3 Qe6 35. Re1 Qd6+ 36. Kh1 Rxe1+ 37. Nxe1 Qe6 38. Ng2 Ne5 39. Qe4+ Kh6 40. Rf5 Nc3 0-1

[Event "Varturnering op"]
[Site "Vadso"]
[Date "2007.04.19"]
[Round "1"]
[White "Malin, Odd Gunnar"]
[Black "Esbensen, Andreas"]
[Result "0-1"]
[WhiteElo "1551"]
[BlackElo "2044"]
[PlyCount "56"]
[EventDate "2007.04.??"]
[EventType "swiss"]
[EventRounds "5"]
[EventCountry "NOR"]
[SourceTitle "EXT 2010"]
[Source "ChessBase"]
[SourceDate "2010.11.25"]
[SourceVersion "1"]
[SourceVersionDate "2010.11.25"]
[SourceQuality "1"]

1. Nf3 c5 2. c4 e6 3. Nc3 b6 4. g3 Bb7 5. Bg2 d6 6. 0-0 a6 7. Re1 Be7 8. e4 Nf6 9. d4 cxd4 10. Nxd4 Qc8 11. Qd3 Nbd7 12. Nf3 0-0 13. e5 dxe5 14. Nxe5 Nxe5 15. Rxe5 Bxg2 16. Kxg2 Rd8 17. Qe2 Qc6+ 18. Kg1 Rac8 19. Nd5 exd5 20. Rxe7 d4 21. Bg5 d3 22. Qd2 Ne4 23. Rxe4 Qxe4 24. Bxd8 Rxd8 25. Rd1 Qxc4 26. b3 Qd5 27. Qb4 Qf3 28. Rd2 Re8 0-1

[Event "Klubbmesterskap"]
[Site "Vadso"]
[Date "2007.01.11"]
[Round "1"]
[White "Malin, Odd Gunnar"]
[Black "Esbensen, Andreas"]
[Result "0-1"]
[WhiteElo "1551"]
[BlackElo "2044"]
[PlyCount "74"]
[EventDate "2007.??.??"]
[EventType "swiss"]
[EventRounds "6"]
[EventCountry "NOR"]
[SourceTitle "EXT 2010"]
[Source "ChessBase"]
[SourceDate "2010.11.25"]
[SourceVersion "1"]
[SourceVersionDate "2010.11.25"]
[SourceQuality "1"]

1. Nf3 Nf6 2. c4 e6 3. Nc3 d5 4. d4 c6 5. Bg5 Be7 6. e3 Nbd7 7. Qc2 0-0 8. Rd1 Re8 9. a3 Nf8 10. Ne5 N6d7 11. Bxe7 Qxe7 12. f4 f6 13. Nf3 a6 14. Be2 b5 15. c5 e5 16. 0-0 a5 17. fxe5 fxe5 18. Bxb5 Qe6 19. Be2 Qe7 20. Rde1 e4 21. Nd2 Qg5 22. Nd1 Nf6 23. Rf2 Ng6 24. Nf1 h5 25. b4 axb4 26. axb4 Bd7 27. b5 h4 28. Nb2 h3 29. g3 cxb5 30. c6 Rec8 31. Bxb5 Nh4 32. Kh1 Nf3 33. Rc1 Ng4 34. Re2 Qf6 35. Qc5 Be6 36. Qd6 Rf8 37. c7 Nxd4 0-1

[Event "Kalotturneringen"]
[Site "Hammerfest"]
[Date "2005.10.28"]
[Round "3"]
[White "Esbensen, Andreas"]
[Black "Berglund, Jan Sigmund"]
[Result "1-0"]
[WhiteElo "1961"]
[BlackElo "1956"]
[PlyCount "109"]
[EventDate "2005.10.28"]
[EventType "swiss"]
[EventRounds "7"]
[EventCountry "NOR"]
[SourceTitle "EXT 2007"]
[Source "ChessBase"]
[SourceDate "2006.11.23"]
[SourceVersion "1"]
[SourceVersionDate "2006.11.23"]
[SourceQuality "1"]

1. e4 e6 2. d4 d5 3. Nc3 Nf6 4. e5 Nfd7 5. f4 c5 6. Nf3 Nc6 7. Be3 cxd4 8. Nxd4 Bc5 9. Qd2 0-0 10. 0-0-0 a6 11. g3 Qc7 12. Nb3 Bb4 13. a3 Be7 14. Ne2 b5 15. Ned4 Bb7 16. Nxc6 Bxc6 17. Nd4 Bb7 18. Bh3 Nc5 19. Kb1 Rfb8 20. f5 Bc8 21. Rdf1 b4 22. axb4 Ne4 23. Qd3 exf5 24. Bxf5 Rxb4 25. Bxe4 dxe4 26. Qxe4 Rab8 27. b3 Bb7 28. Qf5 Bc5 29. Ne6 fxe6 30. Qxe6+ Kh8 31. Rf7 Qb6 32. Qxb6 Bxb6 33. Rhf1 h6 34. Bd2 Re4 35. Rf8+ Rxf8 36. Rxf8+ Kh7 37. Rb8 Be3 38. Bxe3 Rxe3 39. Rxb7 Rxe5 40. Rb6 a5 41. Ra6 g5 42. Rd6 Re2 43. c4 Rxh2 44. Rd3 h5 45. c5 Re2 46. Rc3 Re8 47. Kb2 Kg6 48. Ka3 Kf5 49. Ka4 Ra8 50. Kb5 Kg4 51. c6 Kh3 52. c7 g4 53. Kb6 Rf8 54. Kb7 Rf7 55. Kb8 1-0

[Event "Vadsosjakken-A"]
[Site "Vadso"]
[Date "2005.08.28"]
[Round "5"]
[White "Esbensen, Andreas"]
[Black "Brasoy, Aksel"]
[Result "1-0"]
[WhiteElo "1961"]
[BlackElo "1864"]
[PlyCount "85"]
[EventDate "2005.08.26"]
[EventType "swiss"]
[EventRounds "5"]
[EventCountry "NOR"]
[SourceTitle "EXT 2007"]
[Source "ChessBase"]
[SourceDate "2006.11.23"]
[SourceVersion "1"]
[SourceVersionDate "2006.11.23"]
[SourceQuality "1"]

1. e4 c5 2. Nc3 Nc6 3. f4 g6 4. Nf3 Bg7 5. Bb5 Nd4 6. 0-0 Nxb5 7. Nxb5 d5 8. exd5 a6 9. Nc3 Nf6 10. d4 c4 11. a4 Nxd5 12. Qe2 Nxc3 13. bxc3 Be6 14. Ng5 Bd5 15. f5 0-0 16. fxg6 hxg6 17. Qg4 Bf6 18. Qh4 Bxg5 19. Bxg5 f6 20. Qh6 Rf7 21. Bd2 Rh7 22. Qe3 Qd6 23. h3 Rh4 24. Qf2 Rh5 25. Bf4 Qd7 26. Qe3 Kf7 27. a5 Rah8 28. Rae1 Rg8 29. Rf2 g5 30. Bg3 Rg7 31. Rfe2 Kg8 32. Rf2 Rgh7 33. Ref1 R5h6 34. Rf5 Be6 35. Rxg5+ Kh8 36. Rc5 Bxh3 37. Rc7 Qg4 38. Rxe7 Rxe7 39. Qxe7 Qxg3 40. Qf8+ Qg8 41. Qxh6+ Qh7 42. Qxh7+ Kxh7 43. gxh3 1-0

[Event "Vadsosjakken-A"]
[Site "Vadso"]
[Date "2005.08.27"]
[Round "2"]
[White "Hanssen, Gunnar Berg"]
[Black "Esbensen, Andreas"]
[Result "1-0"]
[WhiteElo "2136"]
[BlackElo "1961"]
[PlyCount "67"]
[EventDate "2005.08.26"]
[EventType "swiss"]
[EventRounds "5"]
[EventCountry "NOR"]
[SourceTitle "EXT 2007"]
[Source "ChessBase"]
[SourceDate "2006.11.23"]
[SourceVersion "1"]
[SourceVersionDate "2006.11.23"]
[SourceQuality "1"]

1. Nf3 e6 2. c4 Nf6 3. g3 b6 4. Bg2 Bb7 5. 0-0 c5 6. Nc3 Be7 7. Re1 d6 8. e4 Nbd7 9. d4 cxd4 10. Nxd4 Rb8 11. Ndb5 Ne5 12. Nxa7 0-0 13. b3 Nfd7 14. f4 Nc6 15. Nab5 Nc5 16. Bb2 Nb4 17. Ba3 Nca6 18. Qd2 g5 19. Rad1 gxf4 20. gxf4 f5 21. Bxb4 Nxb4 22. a3 Na6 23. Nxd6 Bh4 24. Re2 Bxe4 25. Bxe4 fxe4 26. Ncxe4 Qe7 27. b4 Nc7 28. Rg2+ Kh8 29. Qd4+ Bf6 30. Nxf6 Qxf6 31. Qe5 b5 32. Rd3 bxc4 33. Rdg3 Qxe5 34. Rg8+ 1-0

[Event "Varturnering op"]
[Site "Vadso"]
[Date "2005.04.28"]
[Round "3"]
[White "Johnsen, Svein Harald"]
[Black "Esbensen, Andreas"]
[Result "0-1"]
[WhiteElo "1768"]
[BlackElo "2042"]
[PlyCount "42"]
[EventDate "2005.04.14"]
[EventType "swiss"]
[EventRounds "5"]
[EventCountry "NOR"]
[SourceTitle "EXT 2009"]
[Source "ChessBase"]
[SourceDate "2008.11.26"]
[SourceVersion "1"]
[SourceVersionDate "2008.11.26"]
[SourceQuality "1"]

1. Nf3 d5 2. d4 Nf6 3. c4 c6 4. cxd5 cxd5 5. Nc3 Nc6 6. e3 Bg4 7. Bb5 Rc8 8. h3 Bxf3 9. Qxf3 e6 10. 0-0 Qb6 11. b3 Bb4 12. Bxc6+ Qxc6 13. Ne2 Qc2 14. a3 Bd6 15. b4 0-0 16. b5 Ne4 17. a4 Rc4 18. Ng3 Nxg3 19. fxg3 Rxa4 20. Rxa4 Qxa4 21. b6 a6 0-1

[Event "Tromsoe op"]
[Site "Tromsoe"]
[Date "2005.03.06"]
[Round "3"]
[White "Robertsen, Thomas"]
[Black "Esbensen, Andreas"]
[Result "1-0"]
[WhiteElo "2086"]
[BlackElo "1937"]
[PlyCount "53"]
[EventDate "2005.03.05"]
[EventType "swiss"]
[EventRounds "3"]
[EventCountry "NOR"]
[SourceTitle "EXT 2008"]
[Source "ChessBase"]
[SourceDate "2007.11.25"]
[SourceVersion "1"]
[SourceVersionDate "2007.11.25"]
[SourceQuality "1"]

1. e4 e6 2. d4 d5 3. Nc3 dxe4 4. Nxe4 Nd7 5. Nf3 Ngf6 6. Bg5 Be7 7. Bxf6 Nxf6 8. Bd3 0-0 9. Qe2 c5 10. 0-0-0 cxd4 11. h4 Qa5 12. Kb1 Nxe4 13. Qxe4 f5 14. Qe2 Qb6 15. Bc4 Bf6 16. Bb3 a5 17. a4 Kh8 18. Ng5 g6 19. f4 Qc7 20. h5 Bxg5 21. fxg5 gxh5 22. Qxh5 b5 23. Rxd4 bxa4 24. Rxa4 f4 25. g6 Rf5 26. Qg4 h5 27. Qxf5 1-0

[Event "Tromsoe op"]
[Site "Tromsoe"]
[Date "2005.03.05"]
[Round "2"]
[White "Esbensen, Andreas"]
[Black "Zhuravlev, Sergey"]
[Result "1/2-1/2"]
[WhiteElo "1937"]
[BlackElo "1926"]
[PlyCount "93"]
[EventDate "2005.03.05"]
[EventType "swiss"]
[EventRounds "3"]
[EventCountry "NOR"]
[SourceTitle "EXT 2008"]
[Source "ChessBase"]
[SourceDate "2007.11.25"]
[SourceVersion "1"]
[SourceVersionDate "2007.11.25"]
[SourceQuality "1"]

1. e4 c5 2. Nf3 Nc6 3. d4 cxd4 4. Nxd4 g6 5. Nc3 Bg7 6. Be3 Nf6 7. Bc4 Qa5 8. Nxc6 bxc6 9. Qd3 Nxe4 10. Bd4 Bxd4 11. Qxd4 Nf6 12. 0-0 0-0 13. Rfe1 Re8 14. b4 Qb6 15. Qh4 Kg7 16. Bb3 d6 17. Re3 a5 18. Rae1 Qxb4 19. Ne4 Bf5 20. a3 Qd4 21. c3 Qb6 22. Bxf7 Bxe4 23. Bxe8 Rxe8 24. Rxe4 Nxe4 25. Qxe4 e5 26. Rb1 Qc7 27. c4 Rb8 28. Re1 Rb2 29. f4 Qb6+ 30. Kh1 Qc5 31. h3 Rb3 32. fxe5 dxe5 33. Qxe5+ Qxe5 34. Rxe5 Rxa3 35. Rc5 Ra1+ 36. Kh2 a4 37. Rxc6 a3 38. Ra6 a2 39. Kg3 Kf7 40. Kf2 Ke7 41. h4 Kd7 42. c5 Kc7 43. c6 Rh1 44. Rxa2 Rxh4 45. Kg3 Rh5 46. Rc2 Rf5 47. Rc4 1/2-1/2

[Event "Vadso"]
[Site "Vadso"]
[Date "2005.03.03"]
[Round "6"]
[White "Esbensen, Andreas"]
[Black "Johnsen, Svein Harald"]
[Result "1/2-1/2"]
[WhiteElo "1937"]
[BlackElo "1790"]
[PlyCount "68"]
[EventDate "2005.01.13"]
[EventType "tourn"]
[EventRounds "10"]
[EventCountry "NOR"]
[SourceTitle "EXT 2008"]
[Source "ChessBase"]
[SourceDate "2007.11.25"]
[SourceVersion "1"]
[SourceVersionDate "2007.11.25"]
[SourceQuality "1"]

1. e4 c6 2. d4 d5 3. e5 Bf5 4. Nc3 e6 5. h4 h6 6. g4 Bh7 7. Be3 Qb6 8. Na4 Qa5+ 9. c3 b5 10. Nc5 Bxc5 11. dxc5 Nd7 12. f4 Be4 13. Rh2 b4 14. a3 bxc3 15. b4 c2 16. Qxc2 Qc7 17. Bd3 Bxd3 18. Qxd3 h5 19. Nf3 hxg4 20. Nd4 Ne7 21. Rc1 g6 22. b5 a6 23. bxc6 Nxc6 24. Nxe6 fxe6 25. Qxg6+ Kd8 26. Qxe6 Ncxe5 27. fxe5 Qxe5 28. Qxe5 Nxe5 29. Bg5+ Kd7 30. c6+ Nxc6 31. Rd2 d4 32. Kf2 Raf8+ 33. Kg2 Kd6 34. Rb1 Rf3 1/2-1/2

[Event "Vadso"]
[Site "Vadso"]
[Date "2005.02.10"]
[Round "4"]
[White "Esbensen, Andreas"]
[Black "Brasoy, Aksel"]
[Result "1-0"]
[WhiteElo "1937"]
[BlackElo "1868"]
[PlyCount "97"]
[EventDate "2005.01.13"]
[EventType "tourn"]
[EventRounds "10"]
[EventCountry "NOR"]
[SourceTitle "EXT 2008"]
[Source "ChessBase"]
[SourceDate "2007.11.25"]
[SourceVersion "1"]
[SourceVersionDate "2007.11.25"]
[SourceQuality "1"]

1. e4 c5 2. Nf3 d6 3. d4 cxd4 4. Nxd4 Nf6 5. Nc3 e6 6. g4 h6 7. h4 Nc6 8. Rg1 d5 9. Bb5 Bd7 10. exd5 Nxd5 11. Nxd5 exd5 12. Qe2+ Qe7 13. Be3 Nxd4 14. Bxd7+ Kxd7 15. Bxd4 Re8 16. Be3 Qb4+ 17. c3 Qc4 18. Qf3 Bc5 19. Qxf7+ Re7 20. Qf5+ Kc7 21. 0-0-0 Bxe3+ 22. fxe3 Qxa2 23. Rxd5 Qa1+ 24. Kc2 Qa4+ 25. Kd2 Rd8 26. Rxd8 Kxd8 27. Qf8+ Kd7 28. Qf5+ Kc6 29. Ke2 Rd7 30. Qe6+ Kc7 31. Qe5+ Kb6 32. Qe6+ Kc7 33. Qe5+ Kb6 34. Kf3 Qc6+ 35. Kg3 Rf7 36. Qd4+ Kc7 37. e4 Qd6+ 38. e5 Qc6 39. Qe3 Re7 40. Re1 a6 41. Qf4 Qe6 42. Qf5 Qb3 43. Re4 Rf7 44. Qg6 Qd5 45. Re3 Qc4 46. Qd6+ Kc8 47. e6 Rf6 48. Qd7+ Kb8 49. Qd8+ 1-0